[Event "VIE-ch U20"]
[Site "Ho Chi Minh City"]
[Date "2022.07.14"]
[Round "5"]
[White "Nguyen, Thanh Tri"]
[Black "Tran, Van Hoang Lam"]
[Result "0-1"]
[WhiteElo "2246"]
[BlackElo "2249"]
[PlyCount "64"]
[EventDate "2022.07.11"]
[EventType "swiss"]
[EventRounds "9"]
[EventCountry "VIE"]
[SourceTitle "EXT 2023"]
[Source "ChessBase"]
[SourceDate "2022.10.05"]
[SourceVersion "1"]
[SourceVersionDate "2022.10.05"]
[SourceQuality "1"]

1. Nf3 c5 2. e4 Nc6 3. c3 g6 4. d4 cxd4 5. Nxd4 Bg7 6. Nxc6 bxc6 7. Bc4 Bb7 8. 0-0 Nf6 9. e5 Nd5 10. Bxd5 cxd5 11. Bf4 0-0 12. Nd2 Qc7 13. Nf3 f6 14. exf6 Qxf4 15. fxg7 Kxg7 16. Qd4+ Qxd4 17. Nxd4 e5 18. Nf3 d6 19. Rad1 a5 20. Nd2 Rfc8 21. a3 Rab8 22. Rb1 Ba6 23. Rfe1 Bd3 24. Rbd1 Rxb2 25. Nf3 Rxc3 26. Re3 e4 27. Nd4 Rxa3 28. Nc6 Kg8 29. Rc1 Rc2 30. Rxc2 Ra1+ 31. Rc1 Rxc1+ 32. Re1 Rxe1# 0-1

[Event "VIE-ch U20"]
[Site "Ho Chi Minh City"]
[Date "2022.07.12"]
[Round "3"]
[White "Nguyen, Minh Chi Thien"]
[Black "Nguyen, Thanh Tri"]
[Result "1-0"]
[WhiteElo "2251"]
[BlackElo "2246"]
[PlyCount "82"]
[EventDate "2022.07.11"]
[EventType "swiss"]
[EventRounds "9"]
[EventCountry "VIE"]
[SourceTitle "EXT 2023"]
[Source "ChessBase"]
[SourceDate "2022.10.05"]
[SourceVersion "1"]
[SourceVersionDate "2022.10.05"]
[SourceQuality "1"]

1. e4 e5 2. Nf3 Nc6 3. Bb5 a6 4. Ba4 d6 5. 0-0 Bg4 6. h3 Bxf3 7. Qxf3 Qf6 8. Qxf6 Nxf6 9. d3 b5 10. Bb3 Nd4 11. Be3 Nxb3 12. axb3 Be7 13. Nc3 c6 14. Ra2 a5 15. Bb6 Bd8 16. Bxd8 Rxd8 17. Rxa5 0-0 18. Ra6 Rc8 19. Rfa1 Rc7 20. f3 h6 21. Na2 Rd8 22. Kf2 h5 23. g4 g6 24. Nb4 c5 25. Nc6 Re8 26. R1a5 b4 27. Rb5 Nd7 28. Na5 Re6 29. Nc4 d5 30. Ra8+ Kg7 31. exd5 Rf6 32. d6 Rc6 33. Rd8 Nf8 34. d7 Ne6 35. Re8 hxg4 36. hxg4 g5 37. Rxe6 Rfxe6 38. d8Q Ra6 39. Qxg5+ Rg6 40. Qxe5+ Kh7 41. Rb8 Rg8 1-0